000 00360nam a2200145Ia 4500
008 230312s9999||||xx |||||||||||||| ||und||
082 _a658.8
_bKUM
100 _aKumar, Nirmalya
245 0 _aGlobal Marketing
260 _bBusiness World
_aNew Dehli
300 _a135
546 _aEng.
650 _aManagement
_vcompeting in the global marketing
942 _cBK
999 _c243
_d243